JR駅・東西南北端クイズ - Statistics

General Stats
  • This quiz has been taken 434 times
  • The average score is 10 of 24
Answer Stats
Answer % Correct
稚内
95%
東根室
91%
西大山
69%
奥津軽いまべつ
66%
佐世保
62%
門司港
60%
伊東
54%
串本
54%
下北
53%
和倉温泉
50%
八雲
44%
高松
36%
博多南
34%
八幡浜
29%
鵜殿
27%
鵜殿
27%
下曽我
23%
中土
21%
杉原
18%
浅海井
13%
家地川
11%
南神城
8%
見能林
8%
千徳
6%
No matching quizzes found
Score Distribution
Percent of People with Each Score
Percentile by Number Answered
Your Score History
You have not taken this quiz